| 000 | 00489nam a22001697a 4500 | ||
|---|---|---|---|
| 005 | 20241202134722.0 | ||
| 008 | 241202b |||||||| |||| 00| 0 eng d | ||
| 020 | _a9789392019005 | ||
| 041 | _aEng | ||
| 082 |
_22 _a610.73/DAM |
||
| 100 |
_aDamir Shipra _9209144 |
||
| 245 | _aA Textbook of Applied Human Anatomy & Physiology For Nurses BSc Nursing Students | ||
| 260 |
_aJaipur _bBookera _c2024 |
||
| 300 | _a630 Pg | ||
| 650 |
_aAnatomy & Physiology for Nurses _9209145 |
||
| 942 | _cDB | ||
| 999 |
_c362254 _d362254 |
||